000 00722cab a2200241 4500
001 ABS55650
008 090401t1996 xxu||||| |||| 00| 0 eng d
035 _a(Sirsi) u17783
041 _aeng
100 _aWheatley, C.
245 _aWhat price fixed fees?
260 _c1996
350 _a0
490 _aEstates Gazette
_v(9634) 24 August 1996, 48(1)
520 _aWest Country auctioneer Auctions UK is abandoneding its commission charges for selling property at auction in return for a fixed fee. Comparess auction fees.
650 _aAUCTIONEERS
650 _aCOMMISSION
650 _aFIXED FEES
650 _aAuctioneering
_96218
690 _aAuctioneering
_96218
942 _n0
948 _c04/03/1997
999 _c11795
_d11795